[Event "Moscow Aeroflot op-B"]
[Site "Moscow"]
[Date "2004.02.24"]
[Round "8"]
[White "Kim, Sergey2"]
[Black "Gerzhoy, Leonid"]
[Result "1/2-1/2"]
[WhiteElo "2298"]
[BlackElo "2380"]
[PlyCount "80"]
[GameId "1166646126231552"]
[EventDate "2004.02.17"]
[EventType "swiss"]
[EventRounds "9"]
[EventCountry "RUS"]
[SourceTitle "EXT 2005"]
[Source "ChessBase"]
[SourceDate "2004.11.15"]
[SourceVersion "1"]
[SourceVersionDate "2004.11.15"]
[SourceQuality "1"]

1. Nf3 c5 2. g3 Nc6 3. Bg2 g6 4. O-O Bg7 5. d3 d5 6. Nbd2 e5 7. e4 Nge7 8. exd5 Nxd5 9. Re1 O-O 10. Nc4 Bg4 11. h3 Bxf3 12. Qxf3 Nde7 13. a4 Rc8 14. a5 Nf5 15. c3 Qd7 16. Qd5 Qe7 17. Ne3 Rfd8 18. Nxf5 gxf5 19. Qc4 Qd6 20. Bg5 Rd7 21. Be3 Qxd3 22. Qxd3 Rxd3 23. Bxc5 e4 24. Be3 Rd5 25. g4 Rxa5 26. Rxa5 Nxa5 27. gxf5 Nc4 28. Bc1 b5 29. Rxe4 a5 30. Bf1 Bf6 31. Kg2 h5 32. Bd3 Nd6 33. Re1 Rc5 34. Bf4 Rd5 35. Bxd6 Rxd3 36. Re8+ Kg7 37. Bf8+ Kh7 38. Ra8 b4 39. cxb4 axb4 40. Bxb4 Bxb2 1/2-1/2

[Event "ISR-ch"]
[Site "Ramat Aviv"]
[Date "2004.09.21"]
[Round "3"]
[White "Gerzhoy, Leonid"]
[Black "Erenburg, Sergey"]
[Result "0-1"]
[WhiteElo "2376"]
[BlackElo "2533"]
[PlyCount "176"]
[GameId "1165542978244608"]
[EventDate "2004.09.19"]
[EventType "swiss"]
[EventRounds "9"]
[EventCountry "ISR"]
[SourceTitle "CBM 102 Extra"]
[Source "ChessBase"]
[SourceDate "2004.11.03"]
[SourceVersion "1"]
[SourceVersionDate "2004.11.03"]
[SourceQuality "1"]

1. d4 d5 2. c4 c6 3. Nc3 Nf6 4. e3 a6 5. Nf3 b5 6. b3 Bg4 7. Be2 e6 8. h3 Bh5 9. O-O Bd6 10. Bb2 O-O 11. Ne5 Bxe2 12. Nxe2 Nfd7 13. Rc1 Bxe5 14. dxe5 dxc4 15. Ng3 Qh4 16. Kh2 Rd8 17. Qe2 cxb3 18. f4 bxa2 19. f5 Nf8 20. Nh5 g6 21. Nf6+ Kh8 22. Rf4 Qh6 23. Ne4 gxf5 24. Nd6 Ra7 25. g4 Ng6 26. Rd4 fxg4 27. Rxg4 Rad7 28. Rf1 f5 29. Rgg1 Kg8 30. Bd4 c5 31. Bxc5 Qg7 32. Bd4 Nc6 33. Qxa2 Nxd4 34. exd4 Rxd6 35. exd6 Rxd6 36. Rxf5 Qxd4 37. Rf2 b4 38. Qe2 e5 39. Qc2 e4 40. Qb3+ Qd5 41. Qe3 Qe5+ 42. Kh1 Qe7 43. Rfg2 Qe6 44. Rg3 Qf5 45. Qa7 Qf8 46. Qb7 Re6 47. Qd5 Qd6 48. Qb3 Kg7 49. Qb2+ Rf6 50. h4 Qd5 51. Rf1 e3+ 52. Kg1 Qe6 53. Rxf6 Qxf6 54. Qxf6+ Kxf6 55. Rxe3 a5 56. Kf1 Nf4 57. Re8 b3 58. Rb8 a4 59. Rb4 Nd5 60. Rb7 Ne3+ 61. Ke2 Nc2 62. Kd2 a3 63. Rxh7 a2 64. Ra7 b2 65. Rxa2 b1=Q 66. Rxc2 Qb4+ 67. Rc3 Ke5 68. Kc2 Kd4 69. Rd3+ Ke5 70. h5 Qc4+ 71. Kd2 Ke4 72. Re3+ Kd4 73. Rg3 Qa2+ 74. Ke1 Qh2 75. Rf3 Ke4 76. Rc3 Qxh5 77. Kd2 Qh2+ 78. Ke1 Qb2 79. Rg3 Qc2 80. Kf1 Qd2 81. Rh3 Kf4 82. Kg1 Kg4 83. Rh2 Qe1+ 84. Kg2 Qe2+ 85. Kg1 Qd1+ 86. Kf2 Qd4+ 87. Kf1 Kg3 88. Rg2+ Kf3 {winning the rook.} 0-1

[Event "Wch U20 46th"]
[Site "Yerevan"]
[Date "2007.10.05"]
[Round "3"]
[White "Tamazyan, Haik G"]
[Black "Gerzhoy, Leonid"]
[Result "1-0"]
[WhiteElo "2072"]
[BlackElo "2415"]
[PlyCount "119"]
[GameId "1166649884057600"]
[EventDate "2007.10.03"]
[EventType "swiss"]
[EventRounds "13"]
[EventCountry "ARM"]
[SourceTitle "CBM 120 Extra"]
[Source "ChessBase"]
[SourceDate "2007.11.01"]
[SourceVersion "1"]
[SourceVersionDate "2007.11.01"]
[SourceQuality "1"]

1. e4 c5 2. Nf3 Nc6 3. Bb5 g6 4. Bxc6 dxc6 5. d3 Bg7 6. O-O Nf6 7. Nbd2 O-O 8. a4 Bg4 9. h3 Bxf3 10. Qxf3 Nd7 11. Qe2 e5 12. Nc4 Qe7 13. Kh1 f5 14. exf5 gxf5 15. f4 Rae8 16. Qf2 e4 17. dxe4 fxe4 18. Be3 Qe6 19. Qe2 b5 20. axb5 cxb5 21. Nd2 a6 22. c3 c4 23. Rae1 Qd5 24. Rd1 Qe6 25. Rde1 Rf7 26. Rf2 a5 27. Ref1 a4 28. f5 Qd5 29. Rf4 a3 30. bxa3 Bxc3 31. Rg4+ Kh8 32. Bh6 Qd3 33. Qxd3 exd3 34. Ne4 Be5 35. f6 Nxf6 36. Nxf6 d2 37. Bxd2 Bxf6 38. Rxf6 Rxf6 39. Bc3 Ree6 40. Kh2 Ra6 41. h4 h6 42. Rg6 Kh7 43. Rxf6 Rxa3 44. Bd2 c3 45. Rxh6+ Kg7 46. Bg5 b4 47. Rc6 Ra5 48. Bf6+ Kf7 49. Bxc3 bxc3 50. Rxc3 Kg6 51. Kh3 Ra4 52. g4 Rb4 53. Rc6+ Kg7 54. h5 Ra4 55. Kh4 Ra5 56. h6+ Kh7 57. g5 Ra1 58. Rc7+ Kg6 59. Rg7+ Kf5 60. h7 1-0

[Event "Coulsdon Jessie Gilbert"]
[Site "Coulsdon"]
[Date "2008.08.18"]
[Round "3"]
[White "Gerzhoy, Leonid"]
[Black "Allicock, Rawle Anthony"]
[Result "1/2-1/2"]
[WhiteElo "2399"]
[BlackElo "2297"]
[PlyCount "89"]
[GameId "1166650844069888"]
[EventDate "2008.08.16"]
[EventType "swiss"]
[EventRounds "10"]
[EventCountry "ENG"]
[SourceTitle "CBM 125 Extra"]
[Source "ChessBase"]
[SourceDate "2008.09.01"]
[SourceVersion "1"]
[SourceVersionDate "2008.09.01"]
[SourceQuality "1"]

1. e4 e5 2. Nf3 Nf6 3. Nc3 Nc6 4. Bb5 Bc5 5. O-O Nd4 6. Nxe5 O-O 7. Nf3 Nxb5 8. Nxb5 Nxe4 9. d3 Nf6 10. Bg5 c6 11. d4 Be7 12. Bxf6 Bxf6 13. Nd6 Qe7 14. Nxc8 Raxc8 15. Qd2 Rce8 16. Rfe1 Qd6 17. Rxe8 Rxe8 18. Re1 Re6 19. c4 g6 20. Rxe6 Qxe6 21. b3 d5 22. cxd5 cxd5 23. h3 Qe4 24. Kh2 Kg7 25. Qe3 h6 26. Kg3 g5 27. Qxe4 dxe4 28. Nd2 Bxd4 29. Nxe4 f5 30. Nd2 Bc3 31. Nf1 Kf6 32. f4 Bb4 33. Kf3 Bd6 34. fxg5+ hxg5 35. Ne3 b5 36. g4 fxg4+ 37. Kxg4 Kg6 38. Nd5 a6 39. Nc3 Ba3 40. Ne4 Be7 41. a4 bxa4 42. bxa4 a5 43. Nc3 Bf6 44. Nd5 Bd4 45. Ne7+ 1/2-1/2

[Event "Coulsdon Jessie Gilbert"]
[Site "Coulsdon"]
[Date "2008.08.20"]
[Round "5"]
[White "Gerzhoy, Leonid"]
[Black "Lock, Gavin R"]
[Result "1-0"]
[WhiteElo "2399"]
[BlackElo "2232"]
[PlyCount "81"]
[GameId "1166650844254208"]
[EventDate "2008.08.16"]
[EventType "swiss"]
[EventRounds "10"]
[EventCountry "ENG"]
[SourceTitle "CBM 125 Extra"]
[Source "ChessBase"]
[SourceDate "2008.09.01"]
[SourceVersion "1"]
[SourceVersionDate "2008.09.01"]
[SourceQuality "1"]

1. f4 d5 2. Nf3 g6 3. e3 Bg7 4. Be2 Nf6 5. O-O O-O 6. d4 c5 7. c3 b6 8. Ne5 Bb7 9. Nd2 Nbd7 10. a4 Nxe5 11. fxe5 Ne4 12. Nxe4 dxe4 13. a5 Kh8 14. Qb3 e6 15. Bc4 Bc6 16. axb6 axb6 17. Rxa8 Bxa8 18. Rd1 Qc7 19. Bd2 Bc6 20. Rf1 Bh6 21. Qd1 Ra8 22. Qe2 Qd7 23. Be1 Kg8 24. Bg3 b5 25. Bb3 c4 26. Bc2 Bd5 27. Bf4 Bf8 28. Bg5 Ra2 29. Bb1 Ra1 30. h4 Qb7 31. h5 b4 32. cxb4 Qxb4 33. hxg6 hxg6 34. Qf2 Qb7 35. Bf6 Bg7 36. Bxg7 Kxg7 37. Qf6+ Kg8 38. Rf4 Rxb1+ 39. Kh2 Rf1 40. Rxf1 Kf8 41. Qh8+ 1-0

[Event "Coulsdon Jessie Gilbert"]
[Site "Coulsdon"]
[Date "2008.08.21"]
[Round "6"]
[White "Rendle, Thomas E"]
[Black "Gerzhoy, Leonid"]
[Result "0-1"]
[WhiteElo "2363"]
[BlackElo "2399"]
[PlyCount "64"]
[GameId "1166650844377088"]
[EventDate "2008.08.16"]
[EventType "swiss"]
[EventRounds "10"]
[EventCountry "ENG"]
[SourceTitle "CBM 125 Extra"]
[Source "ChessBase"]
[SourceDate "2008.09.01"]
[SourceVersion "1"]
[SourceVersionDate "2008.09.01"]
[SourceQuality "1"]

1. e4 Nf6 2. e5 Nd5 3. d4 d6 4. c4 Nb6 5. exd6 exd6 6. Be3 g6 7. Nd2 Bg7 8. Ngf3 O-O 9. h3 c5 10. Be2 Nc6 11. Nb3 d5 12. cxd5 cxd4 13. Nbxd4 Nxd5 14. Nxc6 bxc6 15. Bd4 Bxd4 16. Qxd4 Re8 17. Kf1 Bf5 18. Rd1 Qa5 19. Bd3 Rad8 20. Bxf5 Ne3+ 21. fxe3 Rxd4 22. exd4 gxf5 23. Kf2 Qxa2 24. Rd2 Rb8 25. b4 Qa3 26. Rc2 Rxb4 27. Rxc6 Rb2+ 28. Kg3 Qe3 29. Rg1 f4+ 30. Kg4 Qe4 31. Rc5 f6 32. Rf5 h5+ 0-1

[Event "Coulsdon Jessie Gilbert"]
[Site "Coulsdon"]
[Date "2008.08.24"]
[Round "9"]
[White "Gerzhoy, Leonid"]
[Black "McNab, Colin Anderson"]
[Result "1-0"]
[WhiteElo "2399"]
[BlackElo "2450"]
[PlyCount "59"]
[GameId "1166650844614656"]
[EventDate "2008.08.16"]
[EventType "swiss"]
[EventRounds "10"]
[EventCountry "ENG"]
[SourceTitle "CBM 125 Extra"]
[Source "ChessBase"]
[SourceDate "2008.09.01"]
[SourceVersion "1"]
[SourceVersionDate "2008.09.01"]
[SourceQuality "1"]

1. d4 d6 2. e4 Nf6 3. Nc3 g6 4. Bg5 Bg7 5. f4 c6 6. Nf3 b5 7. Bd3 O-O 8. O-O Nbd7 9. e5 b4 10. Ne4 Nd5 11. Nxd6 f6 12. exf6 exf6 13. Bh4 Nxf4 14. a3 bxa3 15. Rxa3 Nb6 16. Nxc8 Qxc8 17. Bg3 Bh6 18. Bxf4 Bxf4 19. Nh4 Bd6 20. Bxg6 hxg6 21. Rh3 Qe8 22. Qg4 g5 23. Nf5 Rd8 24. Rh6 Nd5 25. Qh3 Qe2 26. Rh8+ Kf7 27. Rh7+ Ke8 28. Nxd6+ Rxd6 29. Qc8+ Rd8 30. Qxc6+ 1-0

[Event "American Continental 06th"]
[Site "Sao Paulo"]
[Date "2009.07.26"]
[Round "2"]
[White "Galati, Mario Augusto"]
[Black "Gerzhoy, Leonid"]
[Result "0-1"]
[WhiteElo "2206"]
[BlackElo "2409"]
[PlyCount "28"]
[GameId "1166652098514944"]
[EventDate "2009.07.25"]
[EventType "swiss"]
[EventRounds "11"]
[EventCountry "BRA"]
[SourceTitle "CBM 132 Extra"]
[Source "ChessBase"]
[SourceDate "2009.11.03"]
[SourceVersion "1"]
[SourceVersionDate "2009.11.03"]
[SourceQuality "1"]

1. d4 d5 2. Nf3 Nf6 3. e3 g6 4. c4 Bg7 5. Nc3 O-O 6. b4 b6 7. Ba3 c5 8. bxc5 bxc5 9. Bxc5 Na6 10. Ba3 Qa5 11. Bb2 Ne4 12. Qa4 Qxa4 13. Nxa4 Nb4 14. Ke2 dxc4 0-1

[Event "American Continental 06th"]
[Site "Sao Paulo"]
[Date "2009.07.28"]
[Round "5"]
[White "Gerzhoy, Leonid"]
[Black "Calcado, Acyr Rogerio"]
[Result "1-0"]
[WhiteElo "2409"]
[BlackElo "2201"]
[PlyCount "100"]
[GameId "1166652099829760"]
[EventDate "2009.07.25"]
[EventType "swiss"]
[EventRounds "11"]
[EventCountry "BRA"]
[SourceTitle "CBM 132 Extra"]
[Source "ChessBase"]
[SourceDate "2009.11.03"]
[SourceVersion "1"]
[SourceVersionDate "2009.11.03"]
[SourceQuality "1"]

1. e4 e5 2. Nf3 Nc6 3. Nc3 Nf6 4. Bb5 d6 5. d4 exd4 6. Qxd4 Bd7 7. Bxc6 Bxc6 8. Bg5 Be7 9. O-O-O O-O 10. Rhe1 Nd7 11. Bxe7 Qxe7 12. Nd5 Bxd5 13. Qxd5 Qe6 14. Nd4 Qxd5 15. exd5 Rfe8 16. Nb5 Nf6 17. Nxc7 Rxe1 18. Rxe1 Rd8 19. Nb5 a6 20. Nc3 Kf8 21. a4 Rc8 22. f3 Rc5 23. Rd1 Ke7 24. Rd4 Kd8 25. Kd2 Kd7 26. b4 Rc8 27. a5 Ke7 28. Na4 Nd7 29. Nb6 Rc7 30. Re4+ Kd8 31. Nxd7 Kxd7 32. Kd3 Rc8 33. c4 Rc7 34. Kd4 Rc8 35. Re3 Rc7 36. Rb3 Rc8 37. f4 Re8 38. Re3 Rb8 39. c5 Rc8 40. f5 Rg8 41. g4 h6 42. h3 Rc8 43. f6 gxf6 44. Rf3 dxc5+ 45. bxc5 Ke7 46. Rb3 Rb8 47. c6 Kd6 48. Rxb7 Rxb7 49. cxb7 Kc7 50. Kc5 Kxb7 1-0

[Event "American Continental 06th"]
[Site "Sao Paulo"]
[Date "2009.07.29"]
[Round "6"]
[White "Leitao, Rafael Duailibe"]
[Black "Gerzhoy, Leonid"]
[Result "1-0"]
[WhiteElo "2610"]
[BlackElo "2409"]
[PlyCount "73"]
[GameId "1117614884401152"]
[EventDate "2009.07.25"]
[EventType "swiss"]
[EventRounds "11"]
[EventCountry "BRA"]
[SourceTitle "EXT 2022"]
[Source "ChessBase"]
[SourceDate "2021.10.06"]
[SourceVersion "1"]
[SourceVersionDate "2021.10.06"]
[SourceQuality "1"]

1. d4 d5 2. c4 e6 3. Nf3 Nf6 4. Nc3 Nbd7 5. cxd5 exd5 6. Bf4 Nb6 7. e3 Bf5 8. Be2 c6 9. Ne5 Be7 10. g4 Be6 11. Bd3 Nc4 12. Qe2 Nxe5 13. dxe5 Nxg4 14. h3 Nh6 15. O-O-O g5 16. Bh2 Qa5 17. h4 O-O-O 18. hxg5 Ng4 19. Bg3 d4 20. exd4 Rxd4 21. f4 Rhd8 22. Bc2 Bc5 23. Rxd4 Bxd4 24. Rd1 h5 25. f5 Bxa2 26. Rxd4 Rxd4 27. e6 fxe6 28. g6 Bc4 29. Qe1 exf5 30. Qe7 Rd7 31. Qf8+ Qd8 32. g7 Rxg7 33. Bxf5+ Rd7 34. Qd6 Ne5 35. Bxe5 Qg5+ 36. Bf4 Qg1+ 37. Nd1 1-0

[Event "American Continental 06th"]
[Site "Sao Paulo"]
[Date "2009.07.30"]
[Round "7"]
[White "Gerzhoy, Leonid"]
[Black "Cominato Neto, Jose Luis"]
[Result "1/2-1/2"]
[WhiteElo "2409"]
[BlackElo "2184"]
[PlyCount "98"]
[GameId "1117614884810752"]
[EventDate "2009.07.25"]
[EventType "swiss"]
[EventRounds "11"]
[EventCountry "BRA"]
[SourceTitle "EXT 2022"]
[Source "ChessBase"]
[SourceDate "2021.10.06"]
[SourceVersion "1"]
[SourceVersionDate "2021.10.06"]
[SourceQuality "1"]

1. d4 Nf6 2. c4 g6 3. Nc3 d5 4. Nf3 Bg7 5. cxd5 Nxd5 6. e4 Nxc3 7. bxc3 O-O 8. Be2 c5 9. O-O Nc6 10. d5 Na5 11. e5 Bg4 12. Bf4 e6 13. h3 Bxf3 14. Bxf3 Qh4 15. g3 Qd8 16. h4 Re8 17. Re1 exd5 18. Bxd5 Nc6 19. Qf3 Nxe5 20. Bxe5 Rxe5 21. Qxf7+ Kh8 22. Rxe5 Bxe5 23. Bxb7 Rb8 24. Re1 Qf6 25. Qxf6+ Bxf6 26. Bd5 Bxc3 27. Re7 a5 28. h5 gxh5 29. Be4 Bg7 30. Ra7 c4 31. Rxa5 Rc8 32. Ra8 Rxa8 33. Bxa8 Bd4 34. Kg2 Kg7 35. Be4 h6 36. a4 Bb6 37. f4 c3 38. Kh3 Bd8 39. Bc2 Kf7 40. Bb3+ Kg7 41. Kg2 Kf6 42. Kf3 Bb6 43. Bd1 Kf5 44. Bc2+ Kf6 45. Ke2 Bc7 46. Ke3 Bb6+ 47. Kd3 h4 48. gxh4 Kf5 49. Kxc3+ Kxf4 1/2-1/2

[Event "American Continental 06th"]
[Site "Sao Paulo"]
[Date "2009.08.02"]
[Round "10"]
[White "Castano, Duvan Martin"]
[Black "Gerzhoy, Leonid"]
[Result "1/2-1/2"]
[WhiteElo "2337"]
[BlackElo "2409"]
[PlyCount "124"]
[GameId "1117614885326848"]
[EventDate "2009.07.25"]
[EventType "swiss"]
[EventRounds "11"]
[EventCountry "BRA"]
[SourceTitle "EXT 2022"]
[Source "ChessBase"]
[SourceDate "2021.10.06"]
[SourceVersion "1"]
[SourceVersionDate "2021.10.06"]
[SourceQuality "1"]

1. e4 c6 2. d3 d5 3. Nd2 g6 4. Ngf3 Bg7 5. g3 e5 6. Bg2 Ne7 7. O-O O-O 8. Qe2 Nd7 9. exd5 cxd5 10. c4 dxc4 11. Nxc4 Nc6 12. Bg5 f6 13. Be3 Nb6 14. Bc5 Re8 15. b4 Bf8 16. Bxf8 Rxf8 17. b5 Nd4 18. Nxd4 Qxd4 19. Rac1 Bf5 20. Rfd1 Rad8 21. Be4 Nxc4 22. Rxc4 Qd7 23. Bxf5 Qxf5 24. d4 exd4 25. Rcxd4 Rxd4 26. Rxd4 Rc8 27. Qe7 Qe5 28. Qb4 Qe6 29. a4 Re8 30. Kg2 b6 31. h4 Qf7 32. Qd2 Kg7 33. Qd1 Re7 34. Qf3 Rd7 35. Re4 Re7 36. Rf4 Qe6 37. h5 g5 38. Rd4 Rd7 39. Re4 Qf7 40. Qe2 Qd5 41. Kh2 Qf7 42. Kg2 Qd5 43. Qf3 Rf7 44. Kh2 Kh6 45. Qe2 Rd7 46. g4 Qd6+ 47. Kg2 Qd5 48. Qf3 Rf7 49. Re8 Qxf3+ 50. Kxf3 f5 51. Re6+ Kg7 52. h6+ Kf8 53. gxf5 Rxf5+ 54. Kg4 Rxf2 55. Rc6 Kf7 56. Kxg5 Re2 57. Kf5 Re1 58. Rc7+ Re7 59. Rc8 Re8 60. Rxe8 Kxe8 61. Ke6 Kd8 62. Kd6 Ke8 1/2-1/2

[Event "Moscow op-A"]
[Site "Moscow"]
[Date "2010.02.07"]
[Round "9"]
[White "Shomoev, Anton"]
[Black "Gerzhoy, Leonid"]
[Result "1-0"]
[WhiteElo "2559"]
[BlackElo "2459"]
[PlyCount "51"]
[GameId "1627242745417728"]
[EventDate "2010.01.30"]
[EventType "swiss"]
[EventRounds "9"]
[EventCountry "RUS"]
[SourceTitle "EXT 2022"]
[Source "ChessBase"]
[SourceDate "2021.10.06"]
[SourceVersion "1"]
[SourceVersionDate "2021.10.06"]
[SourceQuality "1"]

1. e4 c5 2. Nf3 e6 3. d4 cxd4 4. Nxd4 Nf6 5. Nc3 d6 6. Be3 a6 7. g4 e5 8. Nf5 g6 9. g5 gxf5 10. exf5 d5 11. gxf6 d4 12. Bc4 Qc7 13. Qd3 dxc3 14. O-O-O Nc6 15. Rhg1 Qd7 16. Bd5 Nd4 17. Qe4 Ne2+ 18. Kb1 Qb5 19. Qxe5+ Be6 20. b3 Nxg1 21. fxe6 O-O-O 22. e7 Bxe7 23. fxe7 Ne2 24. Be6+ fxe6 25. Rxd8+ Rxd8 26. Qb8+ 1-0

[Event "Negroponte op"]
[Site "Chalkis"]
[Date "2010.08.11"]
[Round "3"]
[White "Gerzhoy, Leonid"]
[Black "Rozentalis, Eduardas"]
[Result "1-0"]
[WhiteElo "2471"]
[BlackElo "2631"]
[PlyCount "259"]
[GameId "1166653426552832"]
[EventDate "2010.08.09"]
[EventType "swiss"]
[EventRounds "9"]
[EventCountry "GRE"]
[SourceTitle "CBM 137 Extra"]
[Source "ChessBase"]
[SourceDate "2010.09.01"]
[SourceVersion "1"]
[SourceVersionDate "2010.09.01"]
[SourceQuality "1"]

1. d4 Nf6 2. c4 e6 3. Nc3 Bb4 4. e3 b6 5. Nge2 O-O 6. a3 Bxc3+ 7. Nxc3 d5 8. b4 c5 9. bxc5 bxc5 10. dxc5 Qa5 11. Bd2 Qxc5 12. cxd5 exd5 13. Rc1 Qe7 14. Nb5 Na6 15. Be2 Ne4 16. O-O Qg5 17. f4 Qg6 18. Nd4 Bd7 19. Nf3 Qd6 20. Ne5 Rad8 21. Ba5 Nac5 22. Bxd8 Rxd8 23. Nxd7 Rxd7 24. Bf3 h6 25. Bxe4 Nxe4 26. Qa4 Qb6 27. Rfe1 Rb7 28. h4 Qg6 29. Qc6 Qg3 30. Re2 Rb8 31. Qd7 Nc3 32. Ree1 Qxh4 33. Qh3 Qxh3 34. gxh3 Rb3 35. Rc2 Rxa3 36. Rec1 Ne4 37. Rc7 Rxe3 38. Rxa7 Nc3 39. Rca1 Rf3 40. Rc7 Ne2+ 41. Kg2 Rxf4 42. Ra8+ Kh7 43. Re8 Nd4 44. Rd7 Rf5 45. Ra8 Kg6 46. Ra5 Ne2 47. Ra6+ Kg5 48. Raa7 Nf4+ 49. Kg3 Nh5+ 50. Kg2 Kg6 51. h4 Rf4 52. Kh3 Rf3+ 53. Kg2 Rg3+ 54. Kf2 Rg4 55. Rxf7 Rxh4 56. Rfd7 Rf4+ 57. Ke3 Re4+ 58. Kd3 Nf4+ 59. Kd2 Ne6 60. Rxd5 Kf6 61. Rdd7 g6 62. Rf7+ Kg5 63. Ra1 Rg4 64. Ke3 h5 65. Ra6 Nd4 66. Rff6 Nf5+ 67. Kf2 Nh4 68. Rfb6 Rg2+ 69. Ke3 Kh6 70. Ke4 Rg3 71. Ke5 Kg5 72. Ke4 Rc3 73. Kd4 Rf3 74. Ke4 Rf7 75. Ke3 Ng2+ 76. Ke4 Nf4 77. Rb1 Nh3 78. Ke3 Rf5 79. Rb2 Nf4 80. Ke4 h4 81. Rb1 Nh5 82. Ke3 Re5+ 83. Kf3 Kf5 84. Rb8 Rc5 85. Rf8+ Kg5 86. Kg2 Rc4 87. Rf2 Nf4+ 88. Kh2 Kf5 89. Rf1 g5 90. Ra5+ Kg6 91. Rg1 Ne6 92. Re1 Nd4 93. Re8 Rc2+ 94. Kh3 Rc3+ 95. Kg2 Rg3+ 96. Kf2 Rf3+ 97. Kg2 Kh5 98. Re4 Rg3+ 99. Kf2 Rf3+ 100. Kg2 Rd3 101. Ra8 Rd2+ 102. Kf1 Nf3 103. Rh8+ Kg6 104. Re3 Nd4 105. Rd8 Kf5 106. Ke1 Ra2 107. Rxd4 g4 108. Re2 Ra1+ 109. Kf2 Ra3 110. Kg2 h3+ 111. Kh2 Kg5 112. Rd8 Ra5 113. Rg8+ Kh4 114. Rh8+ Kg5 115. Rhe8 Kh4 116. R8e3 Rb5 117. Rc2 Rb4 118. Rec3 Ra4 119. Rc4 Ra8 120. Rb2 Ra1 121. Rbc2 Ra8 122. Rc1 Ra2+ 123. Kh1 Ra8 124. Rg1 Rg8 125. Kh2 Rg7 126. Rg3 Kh5 127. Rb3 Rd7 128. Kg3 Rd1 129. Rb5+ Kg6 130. Rc6+ 1-0

[Event "Negroponte op"]
[Site "Chalkis"]
[Date "2010.08.12"]
[Round "4"]
[White "Hess, Robert L"]
[Black "Gerzhoy, Leonid"]
[Result "1-0"]
[WhiteElo "2588"]
[BlackElo "2471"]
[PlyCount "115"]
[GameId "1166653426683904"]
[EventDate "2010.08.09"]
[EventType "swiss"]
[EventRounds "9"]
[EventCountry "GRE"]
[SourceTitle "CBM 137 Extra"]
[Source "ChessBase"]
[SourceDate "2010.09.01"]
[SourceVersion "1"]
[SourceVersionDate "2010.09.01"]
[SourceQuality "1"]

1. e4 c6 2. Nc3 d5 3. d4 dxe4 4. Nxe4 Bf5 5. Ng3 Bg6 6. N1e2 Nf6 7. Nf4 e5 8. Nxg6 hxg6 9. dxe5 Qxd1+ 10. Kxd1 Ng4 11. Ke2 Nxe5 12. f4 Ng4 13. h3 Nf6 14. Kf3 Bd6 15. Bc4 O-O 16. Be3 Nbd7 17. Rad1 Bc5 18. Bc1 Rfe8 19. a3 a5 20. Rhe1 a4 21. Ne4 Rxe4 22. Rxe4 Nxe4 23. Kxe4 Nf6+ 24. Kf3 b5 25. Ba2 Kf8 26. g4 Ne8 27. Rd3 Be7 28. Be3 Rc8 29. Rd7 Rc7 30. Rxc7 Nxc7 31. c3 Nd5 32. Bc1 Nb6 33. Ke4 Nd7 34. Be3 Nc5+ 35. Kd4 Nd7 36. Kd3 Bd6 37. Bd2 Ke7 38. c4 Nc5+ 39. Ke3 Ne6 40. Kf3 f5 41. cxb5 cxb5 42. Bb1 Nd4+ 43. Kf2 Nb3 44. Bc3 Bc5+ 45. Kg3 Nd4 46. Bd3 Ke6 47. h4 Bb6 48. Bb4 Kf7 49. Bd6 fxg4 50. Kxg4 Bd8 51. Bb4 Bb6 52. Bc3 Bc5 53. h5 gxh5+ 54. Kxh5 Bb6 55. f5 Bc5 56. Kg4 Bb6 57. Kf4 Ba7 58. Ke4 1-0

[Event "Negroponte op"]
[Site "Chalkis"]
[Date "2010.08.14"]
[Round "6"]
[White "Gerzhoy, Leonid"]
[Black "Vafiadis, Kleanthis"]
[Result "1/2-1/2"]
[WhiteElo "2471"]
[BlackElo "2227"]
[PlyCount "126"]
[GameId "1166653426896896"]
[EventDate "2010.08.09"]
[EventType "swiss"]
[EventRounds "9"]
[EventCountry "GRE"]
[SourceTitle "CBM 137 Extra"]
[Source "ChessBase"]
[SourceDate "2010.09.01"]
[SourceVersion "1"]
[SourceVersionDate "2010.09.01"]
[SourceQuality "1"]

1. Nf3 Nf6 2. c4 d6 3. d4 Nbd7 4. Nc3 e5 5. g3 g6 6. Bg2 Bg7 7. O-O O-O 8. e4 c6 9. h3 a5 10. Be3 a4 11. Qc2 Qa5 12. Rab1 Re8 13. b4 axb3 14. axb3 Qb4 15. Rfd1 exd4 16. Nxd4 Nc5 17. Bf4 Ne6 18. Nxe6 Rxe6 19. Na4 Nd7 20. Bd2 Qa3 21. Bc3 Bxc3 22. Nxc3 Qb4 23. Ne2 Nc5 24. Nf4 Re8 25. Nd3 Nxd3 26. Qxd3 Rd8 27. Qd2 Qxd2 28. Rxd2 Be6 29. f4 Kf8 30. Rf1 f6 31. f5 gxf5 32. exf5 Bf7 33. g4 Ra3 34. Rf3 b5 35. cxb5 cxb5 36. Rdd3 Ra2 37. Rf2 Rxf2 38. Kxf2 Ke7 39. Bd5 Rc8 40. Bxf7 Kxf7 41. Ke3 Ke7 42. Kd4 h5 43. Rc3 Rg8 44. Rc7+ Kd8 45. Ra7 Rg5 46. Kd5 hxg4 47. Kxd6 Kc8 48. hxg4 Rxg4 49. Kc6 Kd8 50. Ra5 b4 51. Kd6 Rd4+ 52. Ke6 Re4+ 53. Kxf6 Re3 54. Kg7 Rxb3 55. f6 Rg3+ 56. Kf8 b3 57. Rb5 Kd7 58. f7 Rf3 59. Rb4 Rg3 60. Rd4+ Kc6 61. Ke7 Re3+ 62. Kf6 Rf3+ 63. Kg6 Kc5 1/2-1/2

[Event "Negroponte op"]
[Site "Chalkis"]
[Date "2010.08.15"]
[Round "7"]
[White "Galanos, Dimitrios"]
[Black "Gerzhoy, Leonid"]
[Result "0-1"]
[WhiteElo "2158"]
[BlackElo "2471"]
[PlyCount "82"]
[GameId "1166653427019776"]
[EventDate "2010.08.09"]
[EventType "swiss"]
[EventRounds "9"]
[EventCountry "GRE"]
[SourceTitle "CBM 137 Extra"]
[Source "ChessBase"]
[SourceDate "2010.09.01"]
[SourceVersion "1"]
[SourceVersionDate "2010.09.01"]
[SourceQuality "1"]

1. e4 c5 2. Nf3 d6 3. d4 cxd4 4. Nxd4 Nf6 5. Nc3 a6 6. Bg5 e6 7. f4 Qb6 8. Qd2 Qxb2 9. Nb3 Qa3 10. Bxf6 gxf6 11. Be2 Nc6 12. O-O Bd7 13. Kh1 h5 14. Rf3 Rc8 15. Rd1 Qb4 16. Rh3 h4 17. Qe3 Nd8 18. a3 Qxa3 19. Nd5 exd5 20. exd5+ Be7 21. Re1 Rc7 22. f5 Bxf5 23. Qb6 Bxh3 24. Qxc7 Be6 25. dxe6 fxe6 26. Bd3 h3 27. Bg6+ Kf8 28. gxh3 Qa4 29. Be4 Qb4 30. Re2 d5 31. Bd3 Rxh3 32. Rd2 Qd6 33. Qc8 Qf4 34. Rg2 Re3 35. Nd2 Re1+ 36. Nf1 Rxf1+ 37. Bxf1 Qxf1+ 38. Rg1 Qc4 39. Qb8 Qxc2 40. Qg3 Qe4+ 41. Rg2 Ke8 0-1

[Event "ISR-chT 1011"]
[Site "Israel"]
[Date "2011.03.04"]
[Round "3.2"]
[White "Zoler, Dan"]
[Black "Gerzhoy, Leonid"]
[Result "1-0"]
[WhiteElo "2509"]
[BlackElo "2498"]
[PlyCount "103"]
[GameId "1166653926703104"]
[EventDate "2010.12.24"]
[EventType "team-tourn"]
[EventRounds "11"]
[EventCountry "ISR"]
[SourceTitle "EXT 2012"]
[Source "ChessBase"]
[SourceDate "2011.11.24"]
[SourceVersion "1"]
[SourceVersionDate "2011.11.24"]
[SourceQuality "1"]
[WhiteTeam "Tel Aviv Shlomo Har Zvi"]
[BlackTeam "Petah Tikva Hapoel"]
[WhiteTeamCountry "ISR"]
[BlackTeamCountry "ISR"]

1. d4 d5 2. c4 c6 3. Nf3 Nf6 4. Nc3 e6 5. Qd3 dxc4 6. Qxc4 b5 7. Qd3 a6 8. e4 c5 9. Bg5 cxd4 10. Nxd4 b4 11. Na4 Qa5 12. Bxf6 gxf6 13. b3 Bd7 14. Be2 Bxa4 15. bxa4 b3+ 16. Kf1 bxa2 17. Rxa2 Nd7 18. g3 Ne5 19. Qb3 Rd8 20. Nf3 Nxf3 21. Qxf3 Be7 22. Qb3 Qe5 23. Bxa6 Qxe4 24. Bb7 Qd4 25. Kg2 O-O 26. a5 Bc5 27. Rc1 Ba7 28. Rc4 Qe5 29. Re4 Qg5 30. h4 Qg7 31. Rc4 f5 32. Bf3 e5 33. Qb7 Bd4 34. a6 e4 35. Be2 f4 36. Qxe4 fxg3 37. fxg3 f5 38. Qf4 Be5 39. Qg5 Rd7 40. a7 Qxg5 41. hxg5 Ra8 42. Rca4 Bd4 43. Rxd4 Rxd4 44. Bf3 Rad8 45. a8=Q Rxa8 46. Rxa8+ Kg7 47. Bh5 f4 48. Ra7+ Kg8 49. g4 Rd3 50. Bf7+ Kf8 51. Be6 Rg3+ 52. Kf2 1-0